| 000 | 00496nam a2200193Ia 4500 | ||
|---|---|---|---|
| 001 | 66413 | ||
| 005 | 20170113094217.0 | ||
| 008 | 150514s9999 xx 000 0 und d | ||
| 020 | _a9695190820 | ||
| 040 | _cPK-LaUMT | ||
| 082 |
_a291 _bNOR-R |
||
| 100 | _aNorthbourne, Lord | ||
| 245 |
_aReligion in the modern world / _cLord Northbourne |
||
| 260 |
_aLahore,Pakistan: _bSuhail Academy, _c1981 _c3rd impression 2005 |
||
| 300 | _a110 p. | ||
| 546 | _aEN | ||
| 650 | _aReligion | ||
| 942 | _cBK | ||
| 999 |
_c71241 _d71241 |
||